Εθναφύπνιση και εθνογένεση : ορλωφικά και ελληνική ιστοριογραφία
Η σχεδόν αυτονόητη ένταξη των Ορλωφικών στην άμεση προϊστορία του Εικοσιένα αποτέλεσε μέρος ενός συνολικότερου επιχειρήματος περί εθναφύπνισης, το οποίο η ελληνική ιστοριογραφία επεξεργάζεται από τα μέσα του 19ου αιώνα. Η μελέτη αναλύει κριτικά τις φάσεις οικοδόμησης του ενοποιητικού επιχειρήματος τ...
Αποθηκεύτηκε σε:
| Κύριος συγγραφέας: | |
|---|---|
| Μορφή: | Βιβλίο |
| Γλώσσα: | Greek |
| Δημοσίευση: |
Αθήνα :
Βιβλιόραμα,
2007.
|
| Θέματα: | |
| Ετικέτες: |
Προσθήκη ετικέτας
Δεν υπάρχουν, Καταχωρήστε ετικέτα πρώτοι!
|
MARC
| LEADER | 00000cam a2200000 i 4500 | ||
|---|---|---|---|
| 001 | 1/45649 | ||
| 008 | 140409s2007 gre d | ||
| 020 | |a 978-960-8087-59-0 | ||
| 035 | |l 10117338 | ||
| 040 | |a GR-MY-UA |b gre |e aacr | ||
| 041 | 0 | |a gre | |
| 082 | 0 | |a 938.473 |2 (23) | |
| 100 | 1 | |a Ρότζωκος, Νίκος Β. | |
| 245 | 1 | 0 | |a Εθναφύπνιση και εθνογένεση : |b ορλωφικά και ελληνική ιστοριογραφία / |c Νίκος Β. Ροτζώκος. |
| 260 | |a Αθήνα : |b Βιβλιόραμα, |c 2007. | ||
| 300 | |a 298 σ. ; |c 21 εκ. | ||
| 504 | |a Βιβλιογραφία: (σ. 287-298). | ||
| 520 | |a Η σχεδόν αυτονόητη ένταξη των Ορλωφικών στην άμεση προϊστορία του Εικοσιένα αποτέλεσε μέρος ενός συνολικότερου επιχειρήματος περί εθναφύπνισης, το οποίο η ελληνική ιστοριογραφία επεξεργάζεται από τα μέσα του 19ου αιώνα. Η μελέτη αναλύει κριτικά τις φάσεις οικοδόμησης του ενοποιητικού επιχειρήματος της εθναφύπνισης εντοπίζοντας τις ιδεολογικές και πολιτικές διαφορές ανάμεσα στο 1770 και στο 1821. Υπό την οπτική αυτή, παρακολουθεί και ανασυστήνει τους τρόπους με τους οποίους ενσωματώνονται διαφορετικού τύπου προσδοκίες και σχέδια απελευθέρωσης στο ενιαίο αφήγημα της Εθνικής Παλιγγενεσίας. [οπισθόφυλλο] | ||
| 650 | 0 | |a Nationalism |z Greece |x History |y 18th century. | |
| 650 | 0 | 0 | |a Nationalism |z Greece |x History |y 19th century. |
| 650 | 0 | |a Historiography |z Greece |x History |y 18th century. | |
| 650 | 0 | 0 | |a Historiography |z Greece |x History |y 19th century. |
| 852 | |a INST |b LESVOS |e 20140409 |h 907.2 ΡΟΤ |p 005100053976 |q 005100053976 |t BK |y 0 | ||
| 901 | |a BIBL1-2014-1 | ||
| 909 | |a Λ |b 177274 | ||
| 922 | |a 1ΕΛΗ |b 201210 |c ΤΜΗΜΑ ΚΟΙΝΩΝΙΚΗΣ ΑΝΘΡΩΠΟΛΟΓΙΑΣ ΚΑΙ ΙΣΤΟΡΙΑΣ |d ΙΩΑΝΝΙΔΟΥ | ||
| 970 | |a ΤΖΑΦΕΡΗ |b ΕΥΑΓΓΕΛΙΑ |z 2014/04/09 | ||